000 00445nam a22001817a 4500
001 00028623
005 20260321110711.0
008 260321b ag ||||| |||| 00| 0 spa d
022 _a03267601
040 _bspa
_cAR-CcCEOS
080 _a159
090 _bCON
245 _aRevista PsicoanalĂ­tica : Conjetural 53
260 _aBuenos Aires :
_bSitio,
_c2010
300 _a148 p. ;
_c25X15 CM.
650 0 _afilosofĂ­a
942 _2udc
_cBK
999 _c28654
_d28654
945 _a66467
_bMelina Rolando
_c66467
_dMelina Rolando